<?xml version="1.0" encoding="UTF-8"?>
<record
    xmlns:xsi="http://www.w3.org/2001/XMLSchema-instance"
    xsi:schemaLocation="http://www.loc.gov/MARC21/slim http://www.loc.gov/standards/marcxml/schema/MARC21slim.xsd"
    xmlns="http://www.loc.gov/MARC21/slim">

  <leader>00539nam a2200229Ia 4500</leader>
  <controlfield tag="003">OSt</controlfield>
  <controlfield tag="005">20240429094419.0</controlfield>
  <controlfield tag="008">210323s9999||||xx |||||||||||||| ||und||</controlfield>
  <datafield tag="020" ind1=" " ind2=" ">
    <subfield code="a">0631232389</subfield>
  </datafield>
  <datafield tag="040" ind1=" " ind2=" ">
    <subfield code="c">STCPL</subfield>
  </datafield>
  <datafield tag="041" ind1=" " ind2=" ">
    <subfield code="a">ENG</subfield>
  </datafield>
  <datafield tag="082" ind1=" " ind2=" ">
    <subfield code="a">149.97</subfield>
    <subfield code="b">JOH-S</subfield>
  </datafield>
  <datafield tag="100" ind1=" " ind2=" ">
    <subfield code="a">Sturrock, John</subfield>
  </datafield>
  <datafield tag="245" ind1=" " ind2="0">
    <subfield code="a">Structuralism / </subfield>
    <subfield code="c">by John Sturrock</subfield>
  </datafield>
  <datafield tag="250" ind1=" " ind2=" ">
    <subfield code="a">2nd ed.</subfield>
  </datafield>
  <datafield tag="260" ind1=" " ind2=" ">
    <subfield code="a">New Jersey :</subfield>
    <subfield code="b">Blackwell Publishing ,</subfield>
    <subfield code="c">2003 .</subfield>
  </datafield>
  <datafield tag="300" ind1=" " ind2=" ">
    <subfield code="a">170 p.</subfield>
    <subfield code="b">PB</subfield>
  </datafield>
  <datafield tag="650" ind1=" " ind2=" ">
    <subfield code="a">English</subfield>
  </datafield>
  <datafield tag="650" ind1=" " ind2=" ">
    <subfield code="a">Structuralism</subfield>
  </datafield>
  <datafield tag="942" ind1=" " ind2=" ">
    <subfield code="c">BK</subfield>
  </datafield>
  <datafield tag="942" ind1=" " ind2=" ">
    <subfield code="2">ddc</subfield>
  </datafield>
  <datafield tag="999" ind1=" " ind2=" ">
    <subfield code="c">56168</subfield>
    <subfield code="d">56168</subfield>
  </datafield>
  <datafield tag="952" ind1=" " ind2=" ">
    <subfield code="0">0</subfield>
    <subfield code="1">0</subfield>
    <subfield code="2">ddc</subfield>
    <subfield code="4">0</subfield>
    <subfield code="8">ENG</subfield>
    <subfield code="7">0</subfield>
    <subfield code="a">STCPL</subfield>
    <subfield code="b">STCPL</subfield>
    <subfield code="c">ENG</subfield>
    <subfield code="d">2021-07-10</subfield>
    <subfield code="g">395.00</subfield>
    <subfield code="l">1</subfield>
    <subfield code="o">149.97  JOH-S</subfield>
    <subfield code="p">71451</subfield>
    <subfield code="r">2024-12-11 13:18:54</subfield>
    <subfield code="s">2024-12-06</subfield>
    <subfield code="w">2021-07-10</subfield>
    <subfield code="y">BK</subfield>
  </datafield>
</record>
